[Event "4NCL 3 North pool C"]
[Site "Crewe, ENG"]
[Date "2016.05.02"]
[Round "11.55"]
[White "Berry, Neil"]
[Black "Drabble, Andrew"]
[Result "1/2-1/2"]
[WhiteElo "2351"]
[BlackElo "2053"]
[PlyCount "94"]
[EventDate "2016.05.02"]
[WhiteTeam "Alba"]
[BlackTeam "Bradford DCA Knights A"]

1. d4 e6 2. e4 d5 3. Nc3 dxe4 4. Nxe4 Nd7 5. Nf3 Ngf6 6. Bd3 c5 7. c3 cxd4 8.
Nxd4 Nxe4 9. Bxe4 Nc5 10. Bc2 e5 11. Qe2 Bd6 12. Nb5 Bb8 13. Be3 Ne6 14. Rd1
Qe7 15. O-O O-O 16. Qf3 g6 17. Bb3 Rd8 18. Rxd8+ Nxd8 19. Rd1 Ne6 20. Qd5 a6
21. Nd6 Bxd6 22. Qxd6 Qxd6 23. Rxd6 Kf8 24. Rb6 Ke8 25. Bd5 Rb8 26. Rb4 Nd8 27.
Ba7 Ra8 28. Bc5 Kd7 29. Rh4 Ne6 30. Bxe6+ Kxe6 31. Rxh7 Bd7 32. Rh3 Bb5 33. Bb6
Rc8 34. Re3 Kf5 35. Rf3+ Ke6 36. Re3 Kf5 37. h3 Rc6 38. Ba7 Rd6 39. Bb8 Rd1+
40. Kh2 f6 41. b3 Rd2 42. a4 Bd3 43. Ba7 Bc2 44. Rf3+ Ke6 45. c4 Bd1 46. Rg3 g5
47. a5 Rb2 1/2-1/2

[Event "4NCL 3 North pool C"]
[Site "Crewe, ENG"]
[Date "2016.05.02"]
[Round "11.56"]
[White "Eagleton, Greg T"]
[Black "Burnett, Andrew"]
[Result "1/2-1/2"]
[WhiteElo "2050"]
[BlackElo "2205"]
[PlyCount "106"]
[EventDate "2016.05.02"]
[WhiteTeam "Bradford DCA Knights A"]
[BlackTeam "Alba"]

1. d4 Nf6 2. c4 c5 3. d5 e5 4. Nc3 d6 5. e4 Nbd7 6. Bd3 a6 7. a4 g6 8. Nge2 Bg7
9. O-O O-O 10. f3 Nh5 11. g4 Nf4 12. Nxf4 exf4 13. Bxf4 Ne5 14. Kh1 g5 15. Be3
Ng6 16. Qd2 h6 17. a5 Be5 18. Ne2 Bd7 19. Rab1 Qf6 20. Ng3 Nh4 21. Be2 Ng6 22.
Nh5 Qe7 23. b4 cxb4 24. Rxb4 Rfb8 25. Rfb1 Bc8 26. Qc2 Nf8 27. Ng3 Qf6 28. Nh5
Qd8 29. Bb6 Qe7 30. Ng3 Ng6 31. Nh5 Nf4 32. Nxf4 Bxf4 33. Bd4 h5 34. h3 f6 35.
Kg2 Kg7 36. Rb6 Be5 37. Qc3 Bf4 38. c5 hxg4 39. hxg4 Bd7 40. Rxb7 Rxb7 41. Rxb7
dxc5 42. Bxf6+ Qxf6 43. Rxd7+ Kg6 44. Qc2 Be5 45. Qxc5 Rb8 46. Qc6 Rb2 47.
Qxf6+ Kxf6 48. Kf2 Ra2 49. Rb7 Bd4+ 50. Ke1 Bc3+ 51. Kf2 Bd4+ 52. Kf1 Ra1+ 53.
Kg2 Ra2 1/2-1/2

[Event "4NCL 3 North pool C"]
[Site "Crewe, ENG"]
[Date "2016.05.02"]
[Round "11.57"]
[White "Green, Andrew D"]
[Black "Allis, Richard"]
[Result "0-1"]
[WhiteElo "2153"]
[BlackElo "2064"]
[PlyCount "80"]
[EventDate "2016.05.02"]
[WhiteTeam "Alba"]
[BlackTeam "Bradford DCA Knights A"]

1. d4 d5 2. Bf4 Nf6 3. e3 g6 4. Nf3 Bg7 5. Nc3 c6 6. Be2 Nbd7 7. Ne5 Qa5 8. Qd2
Nxe5 9. Bxe5 O-O 10. h4 b5 11. a3 Qd8 12. h5 Ne4 13. Nxe4 Bxe5 14. dxe5 dxe4
15. Qc3 Qb6 16. Qb4 c5 17. Qxe4 Bf5 18. Qh4 Bxc2 19. Rc1 Qa5+ 20. b4 cxb4 21.
axb4 Qa2 22. Qxe7 Qb2 23. O-O Rfe8 24. Qf6 Re6 25. Qf4 Bf5 26. Bf3 Rd8 27. e4
Qxb4 28. Qg5 Rde8 29. exf5 Rxe5 30. Rb1 Qa4 31. Ra1 Qc4 32. Rxa7 Qxf1+ 33. Kh2
Rxf5 34. Qd2 Qe1 35. Qd4 gxh5 36. Qd7 Rxf3 37. gxf3 Qxf2+ 38. Kh3 Qxf3+ 39. Kh4
Re4+ 40. Kg5 Rg4+ 0-1

[Event "4NCL 3 North pool C"]
[Site "Crewe, ENG"]
[Date "2016.05.02"]
[Round "11.58"]
[White "Nicholson, Jim W R"]
[Black "Findlay David John"]
[Result "1/2-1/2"]
[WhiteElo "2017"]
[BlackElo "2155"]
[PlyCount "95"]
[EventDate "2016.05.02"]
[WhiteTeam "Bradford DCA Knights A"]
[BlackTeam "Alba"]

1. d4 d5 2. Nf3 c5 3. e3 Nf6 4. b3 g6 5. Bb2 Bg7 6. Nbd2 O-O 7. Be2 Nbd7 8. O-O
b6 9. Ne5 Nxe5 10. dxe5 Nd7 11. f4 f6 12. Bf3 e6 13. c4 Bb7 14. cxd5 Bxd5 15.
Bxd5 exd5 16. Nf3 fxe5 17. Qxd5+ Kh8 18. Ng5 Qe7 19. Ne6 Nf6 20. Qxe5 Ne8 21.
Nxg7 Qxe5 22. Bxe5 Nxg7 23. Rad1 Rad8 24. Bf6 Rde8 25. Be5 Rd8 26. Kf2 Kg8 27.
Ke2 Nf5 28. g4 Nh6 29. h3 Kf7 30. Rxd8 Rxd8 31. Rd1 Rxd1 32. Kxd1 b5 33. Bd6 c4
34. Bc5 cxb3 35. axb3 a5 36. Kc2 Ke6 37. Kd3 Nf7 38. Bb6 a4 39. bxa4 bxa4 40.
Bc5 g5 41. f5+ Kd5 42. Bd4 Nd6 43. f6 a3 44. e4+ Ke6 45. Ba1 a2 46. e5 Nf7 47.
Ke4 Nh8 48. Bb2 1/2-1/2

[Event "4NCL 3 North pool C"]
[Site "Crewe, ENG"]
[Date "2016.05.02"]
[Round "11.59"]
[White "Oswald, David C"]
[Black "Barlow, David"]
[Result "1/2-1/2"]
[WhiteElo "2088"]
[BlackElo "2042"]
[PlyCount "45"]
[EventDate "2016.05.02"]
[WhiteTeam "Alba"]
[BlackTeam "Bradford DCA Knights A"]

1. e4 e5 2. f4 Bc5 3. Nf3 d6 4. Nc3 Nf6 5. Bc4 O-O 6. d3 Nc6 7. Na4 Bg4 8. Nxc5
dxc5 9. c3 Qd6 10. h3 Be6 11. Bb5 exf4 12. Bxc6 Qxc6 13. O-O Rad8 14. Ne5 Qa6
15. Qf3 Nd7 16. d4 cxd4 17. cxd4 Nxe5 18. dxe5 Rd3 19. Qxf4 Qb6+ 20. Qf2 Qb4
21. Re1 Rfd8 22. Be3 b6 23. Rac1 1/2-1/2

[Event "4NCL 3 North pool C"]
[Site "Crewe, ENG"]
[Date "2016.05.02"]
[Round "11.60"]
[White "Bak, Christopher"]
[Black "Minnican, Alan"]
[Result "1-0"]
[WhiteElo "2033"]
[BlackElo "2135"]
[PlyCount "111"]
[EventDate "2016.05.02"]
[WhiteTeam "Bradford DCA Knights A"]
[BlackTeam "Alba"]

1. e4 e5 2. Nf3 Nf6 3. Nc3 Bb4 4. Nxe5 Qe7 5. Nd3 Nxe4 6. Nd5 Qd6 7. N5xb4 O-O
8. a3 c5 9. Qf3 Re8 10. Be2 cxb4 11. axb4 Ng5 12. Qg3 Qe7 13. O-O Nc6 14. b3
Nd4 15. Bd1 Ne4 16. Qe3 Nf5 17. Qe2 Qg5 18. f4 Qd8 19. Qf3 Nd4 20. Qe3 Nf5 21.
Qh3 d6 22. Bg4 Nd4 23. Bb2 Qb6 24. Qe3 Bxg4 25. Bxd4 Qc7 26. c4 Nc3 27. Qf2
Ne2+ 28. Kh1 Nxd4 29. Qxd4 Be2 30. Rfe1 Bxd3 31. Qxd3 a6 32. f5 Re5 33. f6 Rae8
34. Rf1 gxf6 35. Rxf6 Re1+ 36. Rf1 Rxa1 37. Rxa1 Qe7 38. h3 Qe5 39. Ra5 Qf4 40.
Ra1 Re6 41. Rf1 Qe5 42. Rf5 Qe1+ 43. Kh2 Re5 44. Rxe5 dxe5 45. Qg3+ Qxg3+ 46.
Kxg3 f5 47. Kf3 Kf7 48. g4 Kf6 49. gxf5 Kxf5 50. Ke3 e4 51. Kd4 Kf4 52. Kd5 h5
53. h4 Kf5 54. c5 Kf4 55. Kd6 Kf3 56. Ke5 1-0

[Event "4NCL 3 North pool C"]
[Site "Crewe, ENG"]
[Date "2016.05.02"]
[Round "11.65"]
[White "Jaunooby, Ali R"]
[Black "Polaczek, Richard"]
[Result "1/2-1/2"]
[WhiteElo "2170"]
[BlackElo "2414"]
[PlyCount "67"]
[EventDate "2016.05.02"]
[WhiteTeam "Manchester Manticores 1"]
[BlackTeam "Broadland Bitterns"]

1. d4 Nf6 2. Bf4 d6 3. Nc3 g6 4. e4 c6 5. e5 dxe5 6. dxe5 Nd5 7. Nxd5 cxd5 8.
Qd2 Nc6 9. O-O-O Be6 10. Nf3 Bg7 11. Bh6 Bxh6 12. Qxh6 Qa5 13. Rd3 d4 14. Nxd4
O-O-O 15. Qe3 Rxd4 16. Rxd4 Nxd4 17. Qxd4 Qe1+ 18. Qd1 Qxf2 19. Qd2 Qc5 20. Qc3
Qxc3 21. bxc3 Rd8 22. c4 Bf5 23. Bd3 Bxd3 24. cxd3 Rxd3 25. Rf1 Rc3+ 26. Kb2
Rxc4 27. Rxf7 Rh4 28. Rxe7 Rxh2 29. Kb3 h5 30. g4 hxg4 31. Rg7 Re2 32. Rxg6
Re3+ 33. Kc4 Rxe5 34. Rxg4 1/2-1/2

[Event "4NCL 3 North pool C"]
[Site "Crewe, ENG"]
[Date "2016.05.02"]
[Round "11.66"]
[White "Moore, Gerald"]
[Black "Mazek, Marek"]
[Result "1/2-1/2"]
[WhiteElo "2100"]
[BlackElo "2147"]
[PlyCount "73"]
[EventDate "2016.05.02"]
[WhiteTeam "Broadland Bitterns"]
[BlackTeam "Manchester Manticores 1"]

1. Nf3 Nf6 2. c4 e6 3. g3 d5 4. Bg2 c5 5. O-O Be7 6. d4 O-O 7. dxc5 Bxc5 8.
cxd5 Nxd5 9. Qc2 Be7 10. Nc3 Nxc3 11. Qxc3 Nc6 12. Bf4 Qb6 13. Be3 Qb5 14. Nd4
Nxd4 15. Bxd4 f6 16. Qf3 Rd8 17. Rfd1 Rd6 18. e3 Qe8 19. Bc3 Rb8 20. Rxd6 Bxd6
21. Rd1 Bf8 22. Qf4 e5 23. Qc4+ Be6 24. Bd5 Bxd5 25. Qxd5+ Qf7 26. Kf1 Qxd5 27.
Rxd5 Kf7 28. Ke2 Ke6 29. e4 Be7 30. a4 b6 31. f3 a5 32. Rb5 Bd6 33. b4 Rc8 34.
Kd3 axb4 35. Bxb4 Bxb4 36. Rxb4 Rc6 37. Rb5 1/2-1/2

[Event "4NCL 3 North pool C"]
[Site "Crewe, ENG"]
[Date "2016.05.02"]
[Round "11.67"]
[White "Kay, Lee P"]
[Black "Hughes, Roy"]
[Result "1/2-1/2"]
[WhiteElo "2110"]
[BlackElo "2117"]
[PlyCount "79"]
[EventDate "2016.05.02"]
[WhiteTeam "Manchester Manticores 1"]
[BlackTeam "Broadland Bitterns"]

1. f4 d5 2. Nf3 Nf6 3. g3 c6 4. Bg2 Qb6 5. e3 Bg4 6. h3 Bxf3 7. Qxf3 Nbd7 8. b3
O-O-O 9. Bb2 Ne4 10. Nc3 Ndf6 11. O-O-O e6 12. g4 Nxc3 13. Bxc3 Ne4 14. Bb2 Qa5
15. a4 f6 16. g5 h5 17. gxf6 gxf6 18. Rhg1 Be7 19. Qe2 Ng3 20. Qe1 h4 21. Bf3
Rhg8 22. d3 Bb4 23. c3 Bd6 24. c4 Bb4 25. Qf2 Rdf8 26. cxd5 cxd5 27. Bg4 f5 28.
Bf3 Qb6 29. Bd4 Qa6 30. Be5 Bd6 31. Bxd6 Qxd6 32. Kb2 Kb8 33. Rc1 Rc8 34. d4
Qb4 35. Rxc8+ Rxc8 36. Qe1 Qb6 37. Qd2 Qc6 38. Re1 a6 39. Rg1 Rc7 40. Re1
1/2-1/2

[Event "4NCL 3 North pool C"]
[Site "Crewe, ENG"]
[Date "2016.05.02"]
[Round "11.68"]
[White "Freeland, Alex"]
[Black "Hamer, Martyn"]
[Result "1/2-1/2"]
[WhiteElo "2065"]
[BlackElo "2087"]
[PlyCount "92"]
[EventDate "2016.05.02"]
[WhiteTeam "Broadland Bitterns"]
[BlackTeam "Manchester Manticores 1"]

1. d4 Nf6 2. c4 e6 3. Nc3 d5 4. Nf3 Be7 5. Bg5 O-O 6. e3 h6 7. Bh4 b6 8. Bxf6
Bxf6 9. cxd5 exd5 10. b4 c6 11. Qb3 Be6 12. Rc1 Qd6 13. Na4 Nd7 14. Be2 Be7 15.
O-O Rfc8 16. b5 c5 17. Nc3 c4 18. Qc2 f5 19. Nd2 Nf6 20. f3 f4 21. e4 dxe4 22.
d5 exf3 23. dxe6 fxe2 24. Nxe2 Qxe6 25. Nxf4 Qd7 26. Rce1 Bb4 27. Re2 Qxb5 28.
Ne6 Qh5 29. Ne4 Nxe4 30. Qxe4 b5 31. Rf5 Qe8 32. Qd5 Kh8 33. Qe5 Qd7 34. Ref2
Bd6 35. Qd5 Qc6 36. Rf8+ Bxf8 37. Rxf8+ Rxf8 38. Qxc6 Rac8 39. Qd7 Rg8 40. Nf4
Rgd8 41. Ng6+ Kh7 42. Qf5 Rc7 43. Ne5+ Kg8 44. Qe6+ Kh7 45. Qg6+ Kg8 46. Qe6+
Kh7 1/2-1/2

[Event "4NCL 3 North pool C"]
[Site "Crewe, ENG"]
[Date "2016.05.02"]
[Round "11.69"]
[White "Mulleady, Peter J"]
[Black "Bin-Suhayl, Ieysaa"]
[Result "1/2-1/2"]
[WhiteElo "2042"]
[BlackElo "1975"]
[PlyCount "61"]
[EventDate "2016.05.02"]
[WhiteTeam "Manchester Manticores 1"]
[BlackTeam "Broadland Bitterns"]

1. c4 c5 2. Nc3 Nf6 3. g3 Nc6 4. Bg2 g6 5. e4 d6 6. Nge2 Bg7 7. O-O O-O 8. d3
Rb8 9. h3 a6 10. a4 Ne8 11. f4 Nc7 12. f5 b5 13. cxb5 axb5 14. axb5 Nxb5 15.
Nxb5 Rxb5 16. Nc3 Ra5 17. Rxa5 Qxa5 18. Nd5 Qd8 19. Bg5 h6 20. Be3 e6 21. f6
Bh8 22. Nc3 Bxf6 23. Bxh6 Bg7 24. Qd2 Ba6 25. Bxg7 Kxg7 26. Ra1 Qb6 27. Ne2 c4+
28. d4 e5 29. Kh2 exd4 30. Nf4 Qb4 31. Nh5+ 1/2-1/2

[Event "4NCL 3 North pool C"]
[Site "Crewe, ENG"]
[Date "2016.05.02"]
[Round "11.70"]
[White "Badger, Paul"]
[Black "Flores, Marcial"]
[Result "1/2-1/2"]
[WhiteElo "1873"]
[BlackElo "2087"]
[PlyCount "91"]
[EventDate "2016.05.02"]
[WhiteTeam "Broadland Bitterns"]
[BlackTeam "Manchester Manticores 1"]

1. e4 Nc6 2. Nc3 d6 3. f4 e5 4. Nf3 Bg4 5. Bb5 exf4 6. d4 Bxf3 7. Qxf3 a6 8.
Ba4 Qh4+ 9. g3 fxg3 10. hxg3 Qf6 11. Qxf6 Nxf6 12. d5 b5 13. Nxb5 O-O-O 14.
dxc6 axb5 15. Bxb5 Nxe4 16. Ba6+ Kb8 17. Be3 d5 18. O-O-O Bc5 19. Rd3 Ka7 20.
Bb7 d4 21. Bg1 Nd6 22. b4 Nxb7 23. bxc5 Na5 24. Ra3 Ka6 25. Rh4 Kb5 26. Bxd4
Rhe8 27. Bc3 Nxc6 28. Rxh7 Rh8 29. Rxh8 Rxh8 30. Bxg7 Rh1+ 31. Kb2 Na5 32. Rf3
Rg1 33. Rxf7 Rxg3 34. Bh6 Nc4+ 35. Kb1 Na3+ 36. Kb2 Nc4+ 37. Kb1 Na3+ 38. Kc1
c6 39. Kd1 Rg1+ 40. Ke2 Rg2+ 41. Kd3 Nxc2 42. Rb7+ Kxc5 43. Bf8+ Kd5 44. Rd7+
Ke5 45. Kc3 Ke6 46. Rc7 1/2-1/2

[Event "4NCL 3 North pool C"]
[Site "Crewe, ENG"]
[Date "2016.05.02"]
[Round "11.75"]
[White "Jayawarna, Nugith"]
[Black "Adams, Philip"]
[Result "1/2-1/2"]
[WhiteElo "2050"]
[BlackElo "2050"]
[PlyCount "47"]
[EventDate "2016.05.02"]
[WhiteTeam "Manchester Manticores 2"]
[BlackTeam "3Cs 2"]

1. c4 Nf6 2. Nc3 e5 3. g3 Bb4 4. Nd5 Nxd5 5. cxd5 O-O 6. Bg2 c6 7. Qb3 Qa5 8.
a3 Be7 9. Qc3 Qxc3 10. dxc3 Na6 11. Be3 cxd5 12. Bxd5 Nc7 13. Bg2 d5 14. O-O-O
Be6 15. Nf3 f6 16. h4 Rfd8 17. h5 Nb5 18. Nh4 Rac8 19. a4 Nxc3 20. bxc3 Rxc3+
21. Kb2 d4 22. Bd2 Rb3+ 23. Ka1 Ra3+ 24. Kb2 1/2-1/2

[Event "4NCL 3 North pool C"]
[Site "Crewe, ENG"]
[Date "2016.05.02"]
[Round "11.76"]
[White "Burke, Mitchell R"]
[Black "Whitehead, Mark A"]
[Result "1/2-1/2"]
[WhiteElo "2050"]
[BlackElo "1975"]
[PlyCount "47"]
[EventDate "2016.05.02"]
[WhiteTeam "3Cs 2"]
[BlackTeam "Manchester Manticores 2"]

1. e4 c5 2. Nf3 e6 3. c3 d5 4. exd5 Qxd5 5. d4 Nf6 6. Be2 cxd4 7. cxd4 Bb4+ 8.
Nc3 O-O 9. O-O Qd8 10. Bg5 Be7 11. Re1 Nc6 12. Rc1 Nd5 13. Bxe7 Ncxe7 14. Ne5
b6 15. Bd3 Bb7 16. Qg4 Nf6 17. Qh4 Nf5 18. Bxf5 exf5 19. Red1 Rc8 20. f3 Nd5
21. Qxd8 Rfxd8 22. Nxd5 Bxd5 23. b3 f6 24. Nc4 1/2-1/2

[Event "4NCL 3 North pool C"]
[Site "Crewe, ENG"]
[Date "2016.05.02"]
[Round "11.77"]
[White "Trueman, Glenn"]
[Black "Rita, Joao"]
[Result "1/2-1/2"]
[WhiteElo "2029"]
[BlackElo "1959"]
[PlyCount "30"]
[EventDate "2016.05.02"]
[WhiteTeam "Manchester Manticores 2"]
[BlackTeam "3Cs 2"]

1. d4 Nf6 2. c4 g6 3. Nc3 d5 4. cxd5 Nxd5 5. e4 Nxc3 6. bxc3 Bg7 7. Nf3 c5 8.
Be2 O-O 9. O-O Nc6 10. Be3 Qc7 11. Rc1 Rd8 12. Qc2 Bg4 13. d5 Na5 14. c4 e6 15.
Qd2 b6 1/2-1/2

[Event "4NCL 3 North pool C"]
[Site "Crewe, ENG"]
[Date "2016.05.02"]
[Round "11.78"]
[White "Burton, Graham P"]
[Black "Lyth, John D"]
[Result "1-0"]
[WhiteElo "1987"]
[BlackElo "1982"]
[PlyCount "73"]
[EventDate "2016.05.02"]
[WhiteTeam "3Cs 2"]
[BlackTeam "Manchester Manticores 2"]

1. e4 e5 2. Nf3 Nc6 3. c3 d5 4. Qa4 f6 5. d3 Be6 6. Nbd2 Qd7 7. Be2 Nge7 8. O-O
Nc8 9. b4 Nb6 10. Qc2 a5 11. b5 Ne7 12. a4 Ng6 13. Re1 Be7 14. Bf1 O-O 15. d4
dxe4 16. Nxe4 exd4 17. cxd4 Bd5 18. Nc5 Qg4 19. h3 Qc8 20. Bd3 Bd6 21. Bf5 Qd8
22. Be6+ Kh8 23. Bxd5 Bxc5 24. Bxb7 Bb4 25. Bxa8 Bxe1 26. Ba3 Bb4 27. Bxb4 axb4
28. Be4 f5 29. Bxf5 Nh4 30. Nxh4 Qxh4 31. Qc5 Qf6 32. a5 b3 33. axb6 b2 34. Re1
cxb6 35. Qe5 b1=Q 36. Bxb1 Qxf2+ 37. Kh1 1-0

[Event "4NCL 3 North pool C"]
[Site "Crewe, ENG"]
[Date "2016.05.02"]
[Round "11.79"]
[White "Reed, John"]
[Black "Tebelev, Michael"]
[Result "1-0"]
[WhiteElo "2035"]
[BlackElo "1877"]
[PlyCount "41"]
[EventDate "2016.05.02"]
[WhiteTeam "Manchester Manticores 2"]
[BlackTeam "3Cs 2"]

1. d4 Nf6 2. c4 g6 3. Nc3 Bg7 4. e4 d6 5. f4 O-O 6. Nf3 c5 7. d5 e6 8. Be2 exd5
9. cxd5 Re8 10. Nd2 Bd7 11. O-O a6 12. a4 Qa5 13. Nc4 Qc7 14. e5 dxe5 15. fxe5
Nh5 16. Bxh5 gxh5 17. Qxh5 Bxe5 18. Qxf7+ Kh8 19. Bh6 Bd4+ 20. Kh1 Rg8 21.
Qxg8+ 1-0

[Event "4NCL 3 North pool C"]
[Site "Crewe, ENG"]
[Date "2016.05.02"]
[Round "11.80"]
[White "McLean, Robert"]
[Black "Jaques, Andrew"]
[Result "0-1"]
[WhiteElo "1828"]
[BlackElo "1975"]
[PlyCount "108"]
[EventDate "2016.05.02"]
[WhiteTeam "3Cs 2"]
[BlackTeam "Manchester Manticores 2"]

1. e4 c6 2. Nf3 d5 3. Nc3 Bg4 4. h3 Bh5 5. d4 e6 6. Be2 dxe4 7. Nxe4 Bg6 8. Bd3
Nd7 9. Bf4 Ndf6 10. Ng3 Bd6 11. Ne5 Nd5 12. Nh5 Nxf4 13. Nxf4 Bxd3 14. Nfxd3
Nf6 15. Qf3 Qc7 16. O-O O-O 17. Rfe1 Rac8 18. c3 Nd7 19. Nxd7 Qxd7 20. Ne5 Qc7
21. Qe2 c5 22. dxc5 Bxc5 23. Rad1 Rcd8 24. Rd3 Rxd3 25. Nxd3 Be7 26. Rd1 Rd8
27. Ne1 Bf6 28. Rxd8+ Qxd8 29. Nf3 g6 30. Qe3 Qa5 31. Qf4 Kg7 32. Qc4 Qb6 33.
Qe2 a5 34. Ne5 Qd6 35. Nc4 Qc5 36. Qe4 a4 37. a3 b5 38. Ne3 Bg5 39. Kf1 Bxe3
40. Qxe3 Qxe3 41. fxe3 Kf6 42. Ke2 Ke5 43. Kd3 Kd5 44. e4+ Kc5 45. Ke3 Kc4 46.
Kd2 Kb3 47. Kd3 e5 48. g4 g5 49. Ke3 Kxb2 50. Kd2 Kxa3 51. Kc2 Ka2 52. Kc1 Kb3
53. Kb1 Kxc3 54. Ka2 Kd3 0-1

[Event "4NCL 3 North pool C"]
[Site "Crewe, ENG"]
[Date "2016.05.02"]
[Round "11.85"]
[White "Valantinas, Rokas"]
[Black "Wallace, Paul"]
[Result "0-1"]
[WhiteElo "2170"]
[BlackElo "2240"]
[PlyCount "56"]
[EventDate "2016.05.02"]
[WhiteTeam "Spirit of Atticus B"]
[BlackTeam "Cheddleton 2"]

1. e4 e5 2. Nf3 Nc6 3. Bb5 f5 4. d4 fxe4 5. Nxe5 Nxe5 6. dxe5 c6 7. Bc4 Qa5+ 8.
Bd2 Qxe5 9. Bc3 Qg5 10. Bxg8 Rxg8 11. Nd2 d5 12. Qe2 Qxg2 13. Qh5+ Qg6 14. Qe5+
Be7 15. O-O-O Qg5 16. Qc7 Bd8 17. Qd6 Qe7 18. Qg3 Bc7 19. Qe3 Bb6 20. Qe2 Bf5
21. Nb3 O-O-O 22. Nd4 Bd7 23. b4 Rgf8 24. Rhg1 g6 25. a3 Qh4 26. Rg2 Rf7 27.
Rd2 Rdf8 28. Qe3 Rf3 0-1

[Event "4NCL 3 North pool C"]
[Site "Crewe, ENG"]
[Date "2016.05.02"]
[Round "11.86"]
[White "Richardson, Alex"]
[Black "Robertson, David J"]
[Result "1-0"]
[WhiteElo "2123"]
[BlackElo "2102"]
[PlyCount "121"]
[EventDate "2016.05.02"]
[WhiteTeam "Cheddleton 2"]
[BlackTeam "Spirit of Atticus B"]

1. d4 Nf6 2. Nf3 e6 3. Bf4 d5 4. e3 Nbd7 5. Nbd2 Be7 6. h3 O-O 7. Bd3 c5 8. c3
b6 9. e4 dxe4 10. Nxe4 Bb7 11. Nxf6+ Nxf6 12. dxc5 Bxc5 13. O-O Bxf3 14. Qxf3
Qd5 15. Qxd5 Nxd5 16. Bg5 h6 17. Bh4 Be7 18. Bxe7 Nxe7 19. Rfd1 Rfd8 20. Rd2
Kf8 21. Rad1 Nc6 22. Kf1 Ke7 23. Ke2 Ne5 24. Bb5 Rxd2+ 25. Rxd2 Rd8 26. Rxd8
Kxd8 27. f4 Nd7 28. Ke3 Ke7 29. b3 Nf6 30. c4 Kd6 31. b4 g5 32. fxg5 hxg5 33.
Ba4 Nh5 34. Be8 Ke7 35. Bc6 f5 36. Bf3 Nf6 37. Kd4 Nd7 38. c5 e5+ 39. Kd5 e4
40. Be2 bxc5 41. bxc5 e3 42. g3 Nf6+ 43. Kd4 Ne4 44. g4 Ng3 45. Kxe3 Nxe2 46.
Kxe2 fxg4 47. hxg4 Ke6 48. Ke3 Kd5 49. c6 Kxc6 50. Ke4 Kb5 51. Kf5 Kb4 52. Kxg5
Ka3 53. Kf4 Kxa2 54. g5 a5 55. g6 a4 56. g7 a3 57. g8=Q+ Kb2 58. Qb8+ Ka1 59.
Qe5+ Kb1 60. Qe4+ Kb2 61. Qb4+ 1-0

[Event "4NCL 3 North pool C"]
[Site "Crewe, ENG"]
[Date "2016.05.02"]
[Round "11.87"]
[White "Bimpson, Tom"]
[Black "Acey, Gerald"]
[Result "1/2-1/2"]
[WhiteElo "2053"]
[BlackElo "2103"]
[PlyCount "75"]
[EventDate "2016.05.02"]
[WhiteTeam "Spirit of Atticus B"]
[BlackTeam "Cheddleton 2"]

1. d4 d5 2. Nf3 Nf6 3. Bf4 e6 4. e3 c5 5. c3 Nc6 6. Nbd2 Bd6 7. Bg3 cxd4 8.
exd4 Qc7 9. Bxd6 Qxd6 10. Bd3 O-O 11. Qe2 Re8 12. Ne5 Nd7 13. f4 Qe7 14. O-O f6
15. Nxc6 bxc6 16. Rad1 c5 17. Nf3 cxd4 18. cxd4 Qd6 19. Qc2 Nf8 20. g3 Ba6 21.
Rc1 Rac8 22. Qe2 Bxd3 23. Qxd3 Rc7 24. Rc3 Qb6 25. Rfc1 Rec8 26. b4 Kf7 27. a4
g6 28. a5 Qb7 29. Nd2 Nd7 30. Nb3 Nb8 31. Rxc7+ Rxc7 32. Rxc7+ Qxc7 33. Qb5 Ke7
34. a6 Qc3 35. Qb7+ Nd7 36. Nc5 Qe1+ 37. Kg2 Qe2+ 38. Kg1 1/2-1/2

[Event "4NCL 3 North pool C"]
[Site "Crewe, ENG"]
[Date "2016.05.02"]
[Round "11.88"]
[White "Edwards, Simon R"]
[Black "Johnson, Michael D"]
[Result "1-0"]
[WhiteElo "2020"]
[BlackElo "2035"]
[PlyCount "73"]
[EventDate "2016.05.02"]
[WhiteTeam "Cheddleton 2"]
[BlackTeam "Spirit of Atticus B"]

1. e4 e6 2. d4 d5 3. Nc3 Bb4 4. e5 c5 5. Bd2 Bd7 6. Qg4 g6 7. a3 Bxc3 8. Bxc3
b6 9. h4 h5 10. Qf4 Nh6 11. Bd3 Nc6 12. Nf3 Qe7 13. Ng5 Nxd4 14. Bxd4 cxd4 15.
Nf3 Nf5 16. Nxd4 Nxd4 17. Qxd4 O-O-O 18. a4 Qc5 19. Qf4 a5 20. O-O Rhf8 21. Ra3
Kb7 22. c3 Rc8 23. b4 Qe7 24. Rfa1 Ra8 25. Qd4 Rfb8 26. Rb3 Kc7 27. c4 axb4 28.
cxd5 exd5 29. Rc1+ Kd8 30. Rxb4 Ke8 31. Rc7 Qd8 32. Rc1 Be6 33. Rc6 Kf8 34.
Bxg6 Qe8 35. Rc7 fxg6 36. Qf4+ Bf5 37. Qh6+ 1-0

[Event "4NCL 3 North pool C"]
[Site "Crewe, ENG"]
[Date "2016.05.02"]
[Round "11.89"]
[White "Phillips, David A"]
[Black "Davison, Colin F S"]
[Result "1/2-1/2"]
[WhiteElo "2005"]
[BlackElo "1982"]
[PlyCount "79"]
[EventDate "2016.05.02"]
[WhiteTeam "Spirit of Atticus B"]
[BlackTeam "Cheddleton 2"]

1. Nf3 Nf6 2. g3 g6 3. Bg2 Bg7 4. d3 c5 5. O-O O-O 6. Nc3 Nc6 7. Re1 d6 8. e4
Bd7 9. e5 Ne8 10. Bf4 Bg4 11. exd6 Nxd6 12. Qd2 Rc8 13. h3 Bxf3 14. Bxf3 e5 15.
Bh6 Nd4 16. Bd1 Re8 17. Bxg7 Kxg7 18. Ne4 f5 19. Ng5 e4 20. h4 h6 21. c3 Nc6
22. Nh3 Nc4 23. Qf4 Qxd3 24. Be2 Qd5 25. Rad1 Qf7 26. Bxc4 Qxc4 27. Rd7+ Re7
28. Rxe7+ Nxe7 29. Qe5+ Kf7 30. Rd1 Qe6 31. Qf4 Ng8 32. Rd6 Qe8 33. h5 Rc6 34.
hxg6+ Kg7 35. Rxc6 Qxc6 36. Qxf5 Qxg6 37. Qd7+ Qf7 38. Qg4+ Qg6 39. Qd7+ Qf7
40. Qg4+ 1/2-1/2

[Event "4NCL 3 North pool C"]
[Site "Crewe, ENG"]
[Date "2016.05.02"]
[Round "11.90"]
[White "Boswell, Jacob Connor"]
[Black "Mort, Andrew J"]
[Result "1-0"]
[WhiteElo "1840"]
[BlackElo "1913"]
[PlyCount "51"]
[EventDate "2016.05.02"]
[WhiteTeam "Cheddleton 2"]
[BlackTeam "Spirit of Atticus B"]

1. e4 c6 2. d4 d5 3. Nd2 dxe4 4. Nxe4 Nf6 5. Nxf6+ gxf6 6. Nf3 Bf5 7. Bd3 Bg6
8. Bf4 e6 9. Bxg6 hxg6 10. Qe2 Bd6 11. Bxd6 Qxd6 12. O-O-O Nd7 13. c4 O-O-O 14.
Kb1 Kb8 15. Rd2 Qb4 16. a3 Qa5 17. Ka2 Qf5 18. h3 Nb6 19. Rc1 Rd7 20. Qe3 Rhd8
21. g4 Qa5 22. Qf4+ e5 23. Qxf6 exd4 24. Rxd4 Rxd4 25. Nxd4 Rd7 26. Nb3 1-0